000 01851nam a2200277 a 4500
001 84359
003 BD-RjUL
005 20241125095149.0
008 241125s2023 bg a|||| m||| 00| 0 ben d
035 _a(BD-RjUL)84359
040 _aBD-RjUL
_bben/eng
_cBD-RjUL
_dBD-RjUL
041 _aben
082 _a297.0927
_223
_bHAI 2023
100 _aহাবিবুল্লাহ
_914408
245 1 0 _aইমাম তিরমিযীর (রহ.) আল-শামায়িল গ্রন্থের আলোকে রাসূল চরিত পর্যালোচনা /
_cগবেষক হাবিবুল্লাহ ;
_6প্রিন্সিপাল সুপারভাইজার : মোহা. আশরাফ উজ জামান, কো-সুপারভাইজার : মুহা. আ. হামিদ
246 _aStudy of Rasul Character in the Light of Al-Shamail by imam Tirmizi (R) /
260 _aরাজশাহী :
_bইসলামিক স্টাডিজ বিভাগ, রাজশাহী বিশ্ববিদ্যালয়,
_c২০২৩
300 _axviii, ৩৩০ পাতা ;
_bচিত্র ;
_c২৯ সেমি.
502 _aথিসিস (পিএইচ. ডি.) -- ইসলামিক স্টাডিজ বিভাগ, রাজশাহী বিশ্ববিদ্যালয়, ২০২৩
504 _aগ্রন্থপঞ্জী : পাতা ২৯৬-৩০৮
650 _vইতিহাস ও সমালোচনা
650 _vHistory and Criticism
700 _aজামান, মোহা. আশরাফ উজ, প্রিন্সিপাল সুপারভাইজার
_914382
700 _aহামিদ, মুহা. আ., কো-সুপারভাইজার
_914409
942 _2ddc
_cTHE
999 _c84359
_d84359